Indian Serpent- Lore or The Nagas in Hindu Legend and art (Record no. 39080)
[ view plain ]
| 000 -LEADER | |
|---|---|
| fixed length control field | 00300nam a22001097a 4500 |
| 020 ## - INTERNATIONAL STANDARD BOOK NUMBER | |
| ISBN | 9789394262829 |
| 100 ## - MAIN ENTRY--AUTHOR NAME | |
| Personal name | Vogel, J.PH. |
| 245 ## - TITLE STATEMENT | |
| Title | Indian Serpent- Lore or The Nagas in Hindu Legend and art |
| Statement of responsibility, etc | By J.PH. Vogel |
| 260 ## - PUBLICATION, DISTRIBUTION, ETC. (IMPRINT) | |
| Place of publication | New Delhi; |
| Name of publisher | Manohar, |
| Year of publication | 2023. |
| 300 ## - PHYSICAL DESCRIPTION | |
| Number of Pages | xiv,318p. |
| 942 ## - ADDED ENTRY ELEMENTS (KOHA) | |
| Source of classification or shelving scheme | Dewey Decimal Classification |
| Koha item type | Books |
No items available.
